[Event "21st Spilimbergo Open"]
[Site "Spilimbergo ITA"]
[Date "2023.08.09"]
[EventDate "2023.08.09"]
[Round "1.19"]
[Result "0-1"]
[White "Giulio Simoni"]
[Black "Aleksandar Savanovic"]
[WhiteElo "2104"]
[BlackElo "2358"]
[PlyCount "78"]

1. b3 e5 2. Bb2 Nc6 3. e3 d5 4. Bb5 Bd6 5. f4 Qh4+ 6. g3 Qe7 7. Nf3 f6 8. fxe5 fxe5 9. Bxc6+ bxc6 10. Nxe5 Nf6 11. Nxc6 Qe4 12. O-O Bh3 13. Rf2 Ng4 14. Nc3 Qh1+ 15. Kxh1 Nxf2+ 16. Kg1 Nxd1 17. Nxd1 O-O 18. Nf2 Bd7 19. Ne5 Bf5 20. Ned3 c5 21. Ba3 Rac8 22. Rc1 Rfd8 23. Bb2 c4 24. Ne1 Bb4 25. c3 Bc5 26. b4 Rb8 27. a4 Rf8 28. Ra1 Rf6 29. Ng2 g5 30. h4 h6 31. Rf1 Be7 32. hxg5 hxg5 33. a5 Rbf8 34. Nh1 Bd6 35. Kh2 a6 36. Ne1 Kg7 37. Kg1 Kg6 38. Rf2 R6f7 39. Rf1 Rh7 0-1